000 00512nam a2200169 i 4500
001 95437
003 ES-MaACL
005 20250805063251.0
007 t|
008 050530s1978 sp ||||1| spa d
100 1 _aLlarch, Joan,
_d1920-1987
_972722
245 1 0 _aCampos de concentración en la España de Franco /
_cJoan Llarch.
260 _aBarcelona :
_bProducciones Editoriales,
_c1978.
300 _a207 p., 8 lám. ;
_c24 cm.
852 _aES-MaACL
_jA-8815
_bR.97570
999 _c95437
_d95437